000 00263nam a22001097a 4500
082 _a621.902 DEN'P
100 _aDENT, P
_959226
245 _aPRODUCTION ENGINEERING FOR HIGHER NATIONAL CERTIFICATE
260 _aLONDON
_bEUP
_c1958
300 _a227P
942 _cBK
999 _c569255
_d569255